Novena del dichoso mendingo bienaventurado pobre y patrón de pobres, S. Lazaro, especial abogado contra la penosa enfermedad de la lepra /

Bibliographic Details
Main Author: Butin y Barela, Antonio
Format: Book
Language:Spanish
Published: México : Felipe de Zúñiga y Ontiveros, 1780.
Subjects:

MARC

Tag First Indicator Second Indicator Subfields
LEADER 00000cam a2200000Ia 4500
001 in00002596513
005 20151201153140.0
008 100607s1780 mx a 000 0 spa d
035 |a (OCoLC)ocn639034159 
035 |a (OCoLC)639034159 
040 |a TXA  |c TEF  |d TXA  |d UtOrBLW 
049 |a TXAM 
090 |a BX2167.L39  |b B87 1773 
100 1 |a Butin y Barela, Antonio. 
245 1 0 |a Novena del dichoso mendingo bienaventurado pobre y patrón de pobres, S. Lazaro, especial abogado contra la penosa enfermedad de la lepra /  |c compuesta por Antonio Butin y Burela. 
264 1 |a México :  |b Felipe de Zúñiga y Ontiveros,  |c 1780. 
300 |a 24 unnumbered pages :  |b illustrations ;  |c 11 cm. 
336 |a text  |b txt  |2 rdacontent 
337 |a unmediated  |b n  |2 rdamedia 
338 |a volume  |b nc  |2 rdacarrier 
500 |a The Cushing Library/Colonial Mexican Imprint Collection copy is bound with: Novena de Santiago el Mayor / Francisco del Barrio Lorenzot. [Mexico : Felipe de Zuniga y Ontiveros, 1773]--Novena a los sagrados doce apostoles. [Mexico : Oficina de D. Juan Bautista e Arispe, 1808]--Sagrada trecena al taumaturgo serafico / Antonio Valdivia. [Cadiz : Impr. Real de Matina, 17--?]--Novena al glorioso anacoreta S. Antonio / Juan Jose Ramirez de Arellano. [Mexico : J.B. de Hogal, 1761]--Novena que en nueve martes pueden hacer sus devotos al gloriosissimo taumaturgo San Antonio de Padua. [Mexico : Impr. de la Bibliotheca Mexicana, 1773]--Novena al portentoso negro del mejor amo. Mexico : Impr. de los Herederos de Dona Maria de Ribera, 1767]--Milicia angelica novena devota al angelico y gloriosissimo doctor santo Thomas de Aquino / Juan Briz. [Mexico : Bibliotheca Mexicana, 1768]--Tierno recuerdo / Ignacio Fernando Matheos de Herrera. [Mexico : Impr. de los Herederos del Lic. D. Joseph de Jauregui, 1778]--Novena al glorioso esclarecido obispo de nola S. Paulino / Domingo Pedro de Arrieta. [Ciudad de Mexico : s.n., 17--?]--Novena en honra del santo martyr Hippolyto / Jose Mariano de Gondra. [Mexico : Imprenta del Lic. D. Joseph de Jauregui, 1769]--Novena a el glorioso patriarcha Sto. Domingo de Guzman / Pedro Ignacio Rosillo. [Mexico : Phelipe de Zuniga y Ontiveros, 17--?]--Novena al glorioso martyr S. Christoval. [Mexico : Impr. de la Bibliotheca Mexicana, 1764]--Novena del glorioso doctor de la Iglesia S. Geronymo. [Mexico : Felipe de Zuniga y Ontiveros, 1775]--Novena a San ignacio de Loyola. [Mexico : Imprenta del Lic. D. Joseph de Jauregui, 1775]--Novena a honor y gloria del pasmo de la penitencia. [Mexico : Impr. de Phelipe de Zuniga y Ontiveros, 17--?]--Novena al Abrahan de la ley de la gracia el gran patriarcha San Juan de Dios / Juan Angel Patino. [Mexico : Herederos de Dona Maria de Rivera, 1766]--Novena de San Juan Nepomuceno / Matias Bernardo Larrasquito. [Mexico : Felipe de Zuniga y Ontiveros, 1788]--Novena del beatissimo principe de los apostoles. [Mexico : Felipe de Zuniga y Ontiveros, 1776]--Modo de hazer la novena de San Francisco Xavier de la Compania de Jesus / Francisco Garcia. [Barcelona : Herederos de Maria Marti, 174-?]--Acto de amor de Dios. [S.I. : s.n., 700--?]--Novena al invicto martyr S. Emygdio. [Goathemala : Sebastian de Arebalo, 1768]--Novena para todos los santos. [Mexico : Herederos de dona Maria de Rivera, 1764]--Theorica y practica de la comunion espiritual. [Mexico : Joseph Bernardo de Hogal, 1738]. 
600 0 0 |a Lazarus,  |c the beggar (Biblical character)  |v Prayers and devotions  |v Early works to 1800. 
650 0 |a Novenas. 
948 |a cataloged  |b h  |c 2010/8/3  |d c  |e hgolay  |f 3:24:24 pm 
994 |a C0  |b TXA 
999 |a MARS 
999 f f |s d61f8507-ac40-3542-a36a-949b4edac8fd  |i 464361ba-6afb-31e9-9da3-efae0fa73870  |t 0 
952 f f |p noncirc  |a Texas A&M University  |b College Station  |c Cushing Memorial Library & Archives  |d Cushing: Colonial Mexican Imprints (Does not check out)  |t 0  |e BX2167.J36 B37 1773  |h Library of Congress classification  |i unmediated -- volume  |m A14851978966 
952 f f |a Texas A&M University  |b College Station  |c Cushing Memorial Library & Archives  |d Cushing: Colonial Mexican Imprints (Does not check out)  |t 0  |e BX2167.J36 B37 1773  |h Library of Congress classification 
998 f f |a BX2167.J36 B37 1773  |t 0  |l Cushing: Colonial Mexican Imprints (Does not check out)